000 03092nam a22004097a 4500
005 20090119160731.0
008 090119t xxu||||| |||| 00| 0 eng d
010 _aB-344228-238
020 _a0590108425
_c110.00
035 _aB-344228-238
035 _aB-357785
037 _bTarun Books
040 _aDPL
_bEnglish
082 _aS
100 _aAbbott, Tony
245 _aCity in the clouds /
_cby Tony Abbott; illustrated by Tim Jessell
260 _aNew York
_bScholastic I
_c2008 (repr)
270 _a557 Broadway
_bNew York
_eNY 10012
300 _a85p.
_bill.
_c19cm. (pbk)
490 _aThe secrets of Droon-4
700 _aJessell, Tim
942 _2ddc
_cCH
_hS
_mABB
999 _c21422
_d21422